000 01601nam a2200265Ia 4500
999 _c50470
_d50470
001 17418
003 GE_BSU
005 20200213112557.0
008 181216s2008 xx |||||||||||||| || ||
020 _a 9789994052424
040 _cGE_BSU
041 _ageo
080 _a343.8(479.22) მ-69
100 _aმინდაძე, ომარ.
_97020
245 _aსასჯელაღსრულებითი სამართალი :
_b[სახელმძღვ. იურიდ. სპეც. სტუდ.] /
_c ომარ მინდაძე ; გიორგი მინდაძე ; რედ : ოთარ გამყრელიძე ; აპოლონ ფალიაშვილი .
264 _aქუთაისი :
_b(აკ. წერეთლის სახ. უნ-ტის სტ.),
_c2008.
300 _a456 გვ.:
_bფოტ.;
_c20 სმ.
504 _aბიბლიოგრ.: გვ. 441-444
653 _aსამართალი
653 _aსაქართველოს სასჯელაღსრულებითი სამართალი სასჯელაღსრულებითი სისტემა საქართველოში მსჯავრდებულთა უფლებები
700 _a მინდაძე, გიორგი
_97021
700 _aგამყრელიძე, ოთარ
_eრედაქტორი
_92834
700 _aფალიაშვილი, აპოლონ
_eრედაქტორი
_9241
942 _cBK
_2udc